All NBA Teams - Statistics

General Stats
  • This quiz has been taken 107 times
  • The average score is 22 of 30
Answer Stats
Teams % Correct
Lakers
97%
Celtics
86%
76ers
80%
Heat
80%
Nets
80%
Warriors
80%
Bulls
77%
Clippers
77%
Knicks
77%
Mavericks
77%
Bucks
74%
Hornets
74%
Kings
74%
Nuggets
74%
Hawks
71%
Jazz
71%
Magic
71%
Pacers
71%
Rockets
71%
Timberwolves
71%
Wizards
71%
Cavaliers
69%
Grizzlies
69%
Thunder
69%
Trail Blazers
69%
Pelicans
66%
Raptors
66%
Spurs
66%
Suns
66%
Pistons
63%
No matching quizzes found
Score Distribution
Percent of People with Each Score
Percentile by Number Answered
Your Score History
You have not taken this quiz